Angielski słówka rozdział 3 - Statystyki

Ogólne statystyki
  • Ten quiz został rozwiązany 10 razy
  • Średni wynik to 2 z 41
Statystyki odpowiedzi
Po polsku Po angielsku % Poprawnych
bojler boiler
43%
motyka hoe
43%
wybielać,wyblaknąć bleach
29%
praca, obowiązek chore
14%
wyciek leak
14%
chlew pigsty
14%
wyrywać chwasty pull weeds
14%
zamiatać sweep
14%
majstrować tinker (around)
14%
przewietrzyć air (out)
0%
daszek, zadaszenie awning
0%
pistolet do uszczelniania caulking gun
0%
plan sprzątania cleaning rota
0%
zatkać się clog up
0%
gruntowne sprzątanie deep cleaning
0%
odkamieniacza descale
0%
pobojowisko disaster area
0%
płyn do zmiękczania tkanin fabric softener
0%
grządka/rabata kwiatowa flower bed
0%
odkurzać hoover, vacuum
0%
izolacja insulation
0%
adaptacja strychu loft conversion
0%
murarstwo masonry
0%
zalewać, przelewać się overflow
0%
zwalczanie szkodników pest control
0%
przepychacz do rur plunger
0%
dający plony, urodzajny productive
0%
grabić, grabie rake
0%
odnowienie, prace remontowe refurbishment
0%
wymiana przewodów elektrycznych rewiring
0%
wypłukać, opłukać rinse
0%
druciak, gąbka scouring pad
0%
szorować scrub
0%
szambo septic tank
0%
szopa shed
0%
krochmal, skrobia starch
0%
drenaż powierzchniowy surface drainage
0%
sznur do suszenia prania washing line
0%
miotełka whisk broom
0%
zetrzeć coś z wipe sth off
0%
blat (np. kuchenny) work surface
0%
Nie znaleziono quizów pasujących do podanych kryteriów
Rozkład punktacji
Procent ludzi z każdym wynikiem
Percentyl według liczby udzielonych odpowiedzi
Twoja historia wyników
Nie rozwiązałeś tego quizu